01556cam a22003254a 450000100100000000500170001000800410002702000150006804000290008305000210011208200140013324501590014724600430030626001540034930000170050349000550052050000450057554600340062050001120065450400530076665100560081965100500087560000500092570000260097570000220100170000210102370000230104471001080106783000550117500001807120200929165336.0020916s2001 it b f101 0 ita d a8871252144 aDO-SdBNPbitacLCdBNPHU00aDG812b.R75 2001 ann*bR75600aRoma di fronte all'Europa al tempo di Alessandro VI :batti del convegno (Citta del Vaticano-Roma, 1-4 dicembre 1999) /cedición M. Chiabo ... [et al.].1 iTitle on jacket:aAlessandro VI Borgia aRoma :bMinistero per i Beni e le Attivita Culturali, Direzione Generale per gli Archivi :bVendita, Istituto poligrafico e Zecca dello Stato,c2001. av. ;c24 cm.1 aPubblicazioni Degli Archivi di Stato.aSaggi ;v68 ala biblioteca sólo posee el volumen 1. aItalian, French, and Spanish. a"Comité Nacional de reuniones conducentes a la V centenario del pontificado de Alejandro VI (1492-1503)". aIncluye referencias bibliográficas e índice. 0aRome (Italy{Rpara}xHistoryy1420-1798vCongresses. 0aPapal StatesxHistoryy1417-1605vCongresses.00aAlexanderbVI,cPope,d1431-1503vCongresses.1 aChiabò, Maria,eed.1 aMaddalo, S.,eed.1 aMiglio, M.,eed.1 aOliva, A. M.,eed.1 aComitato nazionale incontri di studio per il V centenario del pontificato di Alessandro VI (1492-1503). 0aPubblicazioni Degli Archivi di Stato.pSaggi ;v68